000
00230nam a2200097Ia 4500
005
20251222114416.0
008
251222s1900||||xx |||||||||||||| ||spa||
082
_a
DVD0060/R68/2006
245
0
_a
Una pelĂcula de huevos :
942
_c
DVD
999
_c
2219
_d
2219